000 01535cam a2200313 a 4500
001 2053440
003 ARRUPE
005 20211007092951.0
008 931220s1994 inu b 001 0 eng
010 _a 93050569
020 _a0872202402 (cloth : alk. paper)
020 _a0872202399 (pbk. : alk. paper0
040 _aDLC
_cDLC
_dDLC
041 1 _aeng
_hger
050 0 0 _aB2808
_b1994
082 0 0 _a193
_220
100 1 _aFichte, Johann Gottlieb,
_d1762-1814.
_93964
240 1 0 _aWorks.
_kSelections.
_lEnglish.
_f1994
245 1 0 _aIntroductions to the Wissenschaftslehre and other writings, 1797-1800 /
_cJ.G. Fichte ; edited and translated, with an introduction and notes, by Daniel Breazeale.
260 _aIndianapolis :
_bHackett Pub. Co.,
_c1994.
300 _al, 213 p. ;
_c22 cm.
504 _aIncludes bibliographical references (p. xli-xlix) and index.
505 0 _aAn attempt at a new presentation of the Wissenschaftslehre -- Review of the Journal for truth -- Note to "Fichte and Kant" -- Postscript to the preceding article and preface to the following one -- On the basis of our belief in a divine governance of the world -- From a private letter -- Concluding remark by the editor -- Public announcement of a new presentation of the Wissenschaftslehre.
650 0 _aPhilosophy.
700 1 _aBreazeale, Daniel.
_918778
906 _a7
_bcbc
_corignew
_d1
_eocip
_f19
_gy-gencatlg
942 _2lcc
_cMONOGRAPH
999 _c130696
_d130696